| 000 | 00000nam 2200000zi 4500 |
| 001 | 9.931368 |
| 003 | CaOODSP |
| 005 | 20240311153718 |
| 006 | m o d f |
| 007 | cr cn||||||||| |
| 008 | 231212t20232023onca o f000 0 eng d |
| 020 | |a9780660692814 |
| 040 | |aCaOODSP|beng|erda|cCaOODSP |
| 043 | |an-cn--- |
| 086 | 1 |aD96-97/2024E-PDF |
| 245 | 00|aStudy on online disinformation advertising creative testing (2023-2024) : |bfocus group report / |cprepared for the Communications Security Establishment (CSE). |
| 264 | 1|aOttawa, Ontario : |bGovernment of Canada = Gouvernement du Canada, |c2023. |
| 264 | 4|c©2023 |
| 300 | |a1 online resource (57 pages) : |billustrations + |esummary (6 pages) |
| 336 | |atext|btxt|2rdacontent |
| 337 | |acomputer|bc|2rdamedia |
| 338 | |aonline resource|bcr|2rdacarrier |
| 500 | |aIssued also in French under title: Évaluation de concepts publicitaires sur la désinformation en-ligne (2023-2024) : rapport des groupes de discussion. |
| 500 | |aIssued by: Communications Security Establishment. |
| 500 | |a"Supplier: Ekos Research Associates Inc." |
| 500 | |a"Contract Number: CW2331053 ." |
| 500 | |a"Registration Number: POR 048-23." |
| 500 | |a"November 2023." |
| 650 | 0|aDisinformation|zCanada|xPublic opinion. |
| 650 | 0|aAdvertising campaigns|zCanada|xPublic opinion. |
| 650 | 0|aGovernment advertising|zCanada|xPublic opinion. |
| 650 | 0|aPublic opinion|zCanada. |
| 710 | 2 |aCommunications Security Establishment (Canada), |eissuing body. |
| 710 | 2 |aEkos Research Associates, |econsultant. |
| 775 | 08|tÉvaluation de concepts publicitaires sur la désinformation en-ligne (2023-2024) : |w(CaOODSP)9.931369 |
| 795 | |tStudy on online disinformation advertising creative testing : |w(CaOODSP)9.918562 |
| 856 | 40|qPDF|s645 KB|uhttps://publications.gc.ca/collections/collection_2024/cstc-csec/D96-97-2024-eng.pdf|zReport |
| 856 | 40|qPDF|s162 KB|uhttps://publications.gc.ca/collections/collection_2024/cstc-csec/D96-97-2024-1-eng.pdf|zSummary |
| 856 | 4 |qHTML|sN/A|uhttps://epe.bac-lac.gc.ca/100/200/301/pwgsc-tpsgc/por-ef/communications_security_establishment/2024/048-23-e/POR048-23-report.html|zReport |
| 856 | 40|qHTML|sN/A|uhttps://epe.bac-lac.gc.ca/100/200/301/pwgsc-tpsgc/por-ef/communications_security_establishment/2024/048-23-e/summary/POR048-23-summary.html|zSummary |